TUBERÓZNA SKLERÓZA Z POHĽADU NEUROLÓGA

Bibliographic Details
Main Authors: Gurčík, Ladislav (Author), Tomášová, Anna (Author), Benc, Ondrej (Author), Galik, Peter (Author), Gašparíková, Veronika (Author), Lišková, Slávka (Author), Vrtěl, Radek (Author)
Format: Article
Language:Slovak

MARC

LEADER 00000nab a2200000 a 4500
001 vtls011101568
003 SK-MaSNL
005 20260303221004.0
008 230127|2008 xo |||||||||||||||||slo|
015 |a SNBRB 
035 |a (uuid)65a0ea58-7337-4013-87b8-b667269766d3 
035 |a (urnnbn)urn:nbn:sk:snk:ar-0076pm 
035 |a urn:nbn:sk:snk-ab97gk 
040 |a SNKBUCL  |b slo  |c SNKBUCL  |e AACR2 
041 0 |a slo 
044 |a xo  |c SK 
100 1 |a Gurčík, Ladislav  |4 aut  |9 73914 
245 1 0 |a TUBERÓZNA SKLERÓZA Z POHĽADU NEUROLÓGA  |c Ladislav Gurčík, Anna Tomášová, Ondrej Benc, Peter Galik, Veronika Gašparíková, Slávka Lišková, Radek Vrtěl 
700 1 |a Tomášová, Anna  |4 aut  |9 55701 
700 1 |a Benc, Ondrej  |4 aut  |9 1254676 
700 1 |a Galik, Peter  |4 aut  |9 646577 
700 1 |a Gašparíková, Veronika  |4 aut  |9 417294 
700 1 |a Lišková, Slávka  |4 aut  |9 586170 
700 1 |a Vrtěl, Radek  |4 aut  |9 241319 
773 0 |t Neurológia pre prax  |g Roč. 9, č. 3 (2008), s. 161-164 
954 |a odborná, vedecká literatúra pôvodná (slovenská)  |2 lita 
958 |a OND 
958 |a EUIPO 
958 |a article13 
999 |c 2230013  |d 2231943